Rozsypanka literowa - miasta #2 - Statystyki

Ogólne statystyki
  • Ten quiz został rozwiązany 17 razy
  • Średni wynik to 17 z 27
Statystyki odpowiedzi
Rozypanka Miasto % Poprawnych
LBLĄEG Elbląg
100%
ŃPZOAN Poznań
100%
KSAŃDG Gdańsk
93%
ÓOŁGWG Głogów
93%
AGTOBO Bogota
86%
DOYNLN Londyn
86%
RUBEJT Bejrut
79%
BLINDU Dublin
79%
INAGYD Gdynia
79%
LEBNRI Berlin
71%
WENGEA Genewa
71%
SLAIKZ Kalisz
71%
BLIULN Lublin
71%
YAŁWUP Puławy
71%
STOBON Boston
64%
BUMAJM Mumbaj
64%
LAMAIN Manila
57%
DYYNES Sydney
57%
NTWÓAR Tarnów
57%
LNAPEO Neapol
50%
RAINAT Tirana
50%
LADLSA Dallas
43%
ŃDEIEW Wiedeń
43%
DRAMYT Madryt
29%
OKMWAS Moskwa
29%
JPEATJ Tajpej
29%
SCOUNT Tucson
7%
Nie znaleziono quizów pasujących do podanych kryteriów
Rozkład punktacji
Procent ludzi z każdym wynikiem
Percentyl według liczby udzielonych odpowiedzi
Twoja historia wyników
Nie rozwiązałeś tego quizu